Finocchie /

Salvato in:
Dettagli Bibliografici
Autore principale: Platinette (Autore)
Altri autori: Piancastelli, Marco Massimo
Natura: Libro
Lingua:italiano
Pubblicazione: Milano : Mondadori, 2002
Serie:Biblioteca umoristica Mondadori
Tags: Aggiungi Tag
Nessun Tag, puoi essere il primo ad aggiungerne!!

MARC

LEADER 00000nam a2200000 i 4500
001 IT\ICCU\TO0\1087452
003 ItRI
005 20260223121631.0
008 020613s2002 it |||||| ||||| |||||c
015 |2 IT  |a 2003-8322 
020 |a 8804484578 
040 |b ita  |c ct 
041 7 |a ita  |2 ISO-639-2 
082 |a 853.92  |2 21 
100 0 |a Platinette  |0 IT\ICCU\TO0V\436524  |4 aut 
245 1 0 |a Finocchie /  |c Platinette ; questo libro è stato scritto e ideato con Marco Massimo Piancastelli. 
260 |a Milano :  |b Mondadori,  |c 2002 
300 |a 249 p. ;  |c 21 cm. 
700 1 |a Piancastelli, Marco Massimo  |0 IT\ICCU\CFIV\201951 
830 0 |a Biblioteca umoristica Mondadori  |0 IT\ICCU\CFI\0000551 
942 |2 ddc  |c BK 
952 |0 0  |1 0  |2 ddc  |4 0  |6 B_LNR01PLATIFIN11  |7 0  |9 9042  |a MI  |b MI  |d 2010-11-14  |i 5321  |l 0  |o B-LNR01-PLATI-FIN11  |p CDOM5321  |r 2025-07-17 21:50:00  |w 2025-07-17  |x DONO  |y BK 
952 |0 0  |1 0  |4 0  |6 DOC_853_920000000000000_PLA  |7 0  |9 14592  |a BO  |b BO  |d 2026-01-15  |i 6472  |l 0  |o DOC 853.92 PLA  |p BO6472  |r 2026-01-15 23:18:50  |w 2026-01-15  |x [Sebina 5] [1 v.]  |y BK  |z 1 v. 
999 |c 7533  |d 7533